| 000 | 00434nam a2200157Ia 4500 | ||
|---|---|---|---|
| 008 | 230312s9999||||xx |||||||||||||| ||und|| | ||
| 020 | _a1-85669-740-8 | ||
| 082 |
_a721.04496 _bMCL-D |
||
| 100 | _aMclead;Virginia | ||
| 245 | 0 | _aDetail in Contemporary Glass Architecture | |
| 260 |
_bLaurence King _aChina _c2010 |
||
| 300 | _a224 | ||
| 546 | _aEng. | ||
| 650 |
_aArchitecture _vDetail in Contemporary Glass Architecture |
||
| 942 | _cBK | ||
| 999 |
_c7540 _d7540 |
||